[Event "Challenge"]
[Site "http://www.queenalice.com/game.php?id=1201781"]
[Date "2013.7.22"]
[Round "-"]
[White "WBSXadrez"]
[Black "rapfir"]
[Result "0-1"]
[WhiteElo "1633"]
[BlackElo "1469"]

1. e3 d5 2. d4 c6 3. c3 e6 4. Nf3 Bd6 5. b4 Ne7 6. g3 O-O 7. Bh3 b5 8. Nbd2 Nd7
9. Bf1 Bb7 10. h4 e5 11. e4 f6 12. Bh3 dxe4 13. Nh2 Nd5 14. Qc2 f5 15. Nb3 h5
16. Bg5 Be7 17. Bxf5 Rxf5 18. O-O-O Bxg5+ 19. f4 Be7 20. Qxe4 g6 21. Rd3 N7f6
22. Qe1 exf4 23. Rf3 Kf7 24. gxf4 Bd6 25. Kb2 Nxf4 26. Rf2 Nd3+ 27. Ka1 Nxe1 28.
Rxf5 gxf5 29. Nf1 Qe7 30. Nbd2 Qe2 31. Rg1 Rg8 32. Rxg8 Nxg8 33. Kb2 Bf4 34. Kb3
Bxd2 35. Ng3 Qf3 36. a4 Qxc3+ 37. Ka2 Bc1 38. Ne2 Qb2# 0-1

[Event "Challenge"]
[Site "http://www.queenalice.com/game.php?id=1217109"]
[Date "2013.9.14"]
[Round "-"]
[White "dejami"]
[Black "rapfir"]
[Result "1-0"]
[WhiteElo "1688"]
[BlackElo "1530"]

1. e4 d5 2. e5 c5 3. d4 e6 4. c3 b6 5. g4 h6 6. f4 Nc6 7. Be3 f6 8. Bb5 Bd7 9.
Qd3 Nge7 10. Nf3 a6 11. Bxc6 Bxc6 12. O-O c4 13. Qe2 f5 14. g5 hxg5 15. Nxg5 Qd7
16. b4 cxb3 17. axb3 Qc7 18. Nxe6 Qc8 19. Ng5 Bb5 20. Qf3 Bxf1 21. Qxf1 a5 22.
Qb5+ Nc6 23. Qxd5 Qd7 24. Qc4 Ra7 25. e6 Qd6 26. Qb5 Be7 27. Nf7 Qxe6 28. Ne5
O-O 29. Qxc6 Qxc6 30. Nxc6 Rc7 31. Ne5 Re8 32. c4 Bf6 33. Nc3 Bxe5 34. dxe5 Rc6
35. Nd5 Rh6 36. Bxb6 Kf7 37. Bxa5 Reh8 38. Ra2 Rh5 39. Rg2 Ra8 40. Bc3 Rh3 41.
Rg3 Rh6 42. Rg2 Ra3 43. b4 Rh3 44. Rg3 Rh4 45. Bd4 Ra2 46. Rg2 Ra3 47. Bf2 Ra1+
48. Be1 Rxe1+ 49. Kf2 Ra1 50. Kg3 Rh6 51. b5 Rh8 52. Ne3 g6 53. b6 Rb1 54. c5
Rb3 55. Kf3 Rc8 56. Rc2 Rc6 57. Kg2 Rb5 58. Rc3 Rcxc5 59. Rxc5 Rxc5 60. h4 Ke6
61. b7 Rb5 62. Nc4 Rxb7 63. Nd6 Rb4 64. Kg3 Rb3+ 65. Kg2 Rb4 66. Kg3 Kd5 67. Kf3
Kd4 68. Nc8 Rb3+ 69. Kg2 Ke4 70. e6 Rb8 71. Nd6+ Kd5 72. Nf7 Kxe6 73. Ne5 Rb2+
74. Kg3 Kf6 75. Nd7+ Ke6 76. Nf8+ Kf6 77. Nd7+ Ke7 78. Ne5 Rb3+ 79. Kf2 Kf6 80.
Nd7+ Ke6 81. Nc5+ Kd5 82. Nxb3 Ke4 83. Kg3 Kd5 84. Nd2 Kd4 85. Nb3+ Kd5 86. Na5
Ke6 87. Nc4 Kd5 88. Ne5 Ke6 89. Nxg6 Kf6 90. h5 Kg7 91. Kh4 Kh6 92. Ne7 Kg7 93.
Nxf5+ Kf6 94. Kg4 Kf7 95. Kg5 Kg8 96. Kg6 Kh8 97. h6 Kg8 98. Nd6 Kh8 99. Nf7+
Kg8 100. h7+ Kf8 101. h8=Q+ Ke7 102. Ne5 Ke6 103. Qf6+ Kd5 104. Qf5 Kd4 105.
Nc6+ Ke3 106. Qe5+ Kf3 107. Nd4+ Kg3 108. f5+ Kg4 109. Qe4+ Kg3 110. Ne2+ Kf2
111. Nf4 Kg3 112. Nh5+ Kf2 113. Qd3 Kg2 114. Nf4+ Kf2 115. Nh3+ Kg2 116. Qe3 Kh2
117. Nf4 Kh1 118. Qh3+ Kg1 119. Qg2# 1-0

[Event "Challenge"]
[Site "http://www.queenalice.com/game.php?id=1221783"]
[Date "2013.10.3"]
[Round "-"]
[White "rapfir"]
[Black "adriana_p"]
[Result "0-1"]
[WhiteElo "1515"]
[BlackElo "1582"]

1. d4 d6 2. e4 Bd7 3. Nf3 Nc6 4. d5 Ne5 5. c4 Nxf3+ 6. Qxf3 Nf6 7. Qb3 Nxe4 8.
Nd2 Nxd2 9. Bxd2 b6 10. f4 a5 11. a4 g6 12. Qc3 Rg8 13. Kf2 Bg7 14. Qe3 Bxb2 15.
Rb1 Ba3 16. Qxa3 h5 17. g3 Bf5 18. Bd3 Bxd3 19. Qxd3 Qd7 20. Rhe1 Qxa4 21. Qe3
Qd7 22. Re2 f5 23. Bc3 a4 24. Bf6 Kf7 25. Qe6+ Qxe6 26. Rxe6 exf6 27. Re3 a3 28.
Ra1 a2 29. Ke2 Rge8 30. Rxe8 Kxe8 31. Kd2 g5 32. Kc2 gxf4 33. gxf4 h4 34. Kb2
Ra4 35. Rxa2 Rxc4 36. Ra7 Kd7 37. Ra8 Rxf4 38. Rh8 Rf2+ 39. Kc3 Rxh2 40. Rh7+
Kc8 41. Kd3 h3 42. Kc4 Rh1 43. Rf7 Rc1+ 44. Kb5 h2 45. Rxf6 h1=Q 46. Rf8+ Kb7
47. Rxf5 Rb1+ 48. Kc4 Qe4+ 49. Kc3 Qxf5 50. Kd4 Rd1+ 51. Kc3 Qxd5 52. Kb4 Qc5+
53. Kb3 Rb1+ 54. Ka2 Qc2+ 55. Ka3 Qb3# 0-1

[Event "Challenge"]
[Site "http://www.queenalice.com/game.php?id=1222901"]
[Date "2013.10.7"]
[Round "-"]
[White "david_kasparov"]
[Black "rapfir"]
[Result "1-0"]
[WhiteElo "1655"]
[BlackElo "1518"]

1. e4 e5 2. Nf3 d6 3. h3 c5 4. Nc3 Nf6 5. Bb5+ Bd7 6. Bxd7+ Nbxd7 7. O-O g6 8.
d3 Bg7 9. Bg5 h6 10. Bxf6 Bxf6 11. Nd5 Nb6 12. c4 Nxd5 13. cxd5 h5 14. Nh2 a6
15. f4 b5 16. Rb1 exf4 17. Rxf4 Bd4+ 18. Kf1 Be5 19. Rf3 Bxh2 20. g3 Qg5 21. Kg2
h4 22. Kxh2 Kd7 23. Rxf7+ Kc8 24. Qf3 Qxg3+ 25. Qxg3 hxg3+ 26. Kxg3 Kb8 27. Rbf1
Ra7 28. Rf8+ Rxf8 29. Rxf8+ Kb7 30. Rg8 Kb6 31. Rxg6 Rd7 32. h4 Kc7 33. h5 Rh7
34. h6 b4 35. Rg7+ Rxg7+ 36. hxg7 Kb6 37. g8=Q Kb5 38. Qb8+ Ka4 39. Qxd6 Kb5 40.
e5 a5 41. Qc6# 1-0

[Event "Challenge"]
[Site "http://www.queenalice.com/game.php?id=1223855"]
[Date "2013.10.11"]
[Round "-"]
[White "WBSXadrez"]
[Black "rapfir"]
[Result "1-0"]
[WhiteElo "1610"]
[BlackElo "1522"]

1. e3 d5 2. d4 e6 3. c3 Nf6 4. Nf3 c6 5. Ne5 Bd6 6. Ng4 Nxg4 7. Qxg4 g6 8. e4 e5
9. Qe2 Nd7 10. h4 Nf6 11. f3 b5 12. g4 O-O 13. Bh6 Re8 14. Bg5 a5 15. a4 Ba6 16.
Qe3 Be7 17. Bd3 Qb8 18. Bxf6 Bxf6 19. g5 Be7 20. b4 axb4 21. a5 b3 22. exd5 cxd5
23. Nd2 b4 24. c4 dxc4 25. Bxc4 Bxc4 26. Nxc4 exd4 27. Qe5 Bxg5 28. Qxe8+ Qxe8+
29. Kf2 Be3+ 30. Kg2 Qb5 31. Nd6 Qd5 32. Ne4 b2 33. Nf6+ Kg7 34. Nxd5 bxa1=Q 35.
Rxa1 b3 36. Nb6 Ra6 37. Nc4 d3 38. Nxe3 b2 39. Rb1 Rxa5 40. Rxb2 Ra4 41. Kg3 Rd4
42. Rd2 f5 43. f4 h6 44. h5 Kf6 45. hxg6 Kxg6 46. Kf3 h5 47. Ng2 Kf6 48. Ne1 h4
49. Nxd3 Kg6 50. Ne5+ Kh5 51. Rxd4 Kh6 52. Rd1 Kh5 53. Rg1 Kh6 54. Kg2 Kh5 55.
Kh3 Kh6 56. Kxh4 Kh7 57. Kh5 Kh8 58. Rg5 Kh7 59. Rxf5 Kg7 60. Rf7+ Kg8 61. Kg6
Kh8 62. Rf8# 1-0

[Event "Challenge"]
[Site "http://www.queenalice.com/game.php?id=1228137"]
[Date "2013.10.29"]
[Round "-"]
[White "adriana_p"]
[Black "rapfir"]
[Result "0-1"]
[WhiteElo "1613"]
[BlackElo "1502"]

1. e4 e5 2. Qf3 Nf6 3. Na3 d6 4. Bc4 Bg4 5. Qb3 Ke7 6. Qxb7 Nbd7 7. Qb3 Be6 8.
Bxe6 fxe6 9. d3 Nc5 10. Qb4 a6 11. Nc4 Rb8 12. Qc3 g6 13. h4 Bg7 14. Nh3 Nfd7
15. Bg5+ Bf6 16. Bxf6+ Nxf6 17. b3 d5 18. exd5 exd5 19. Nxe5 Qd6 20. d4 Nce4 21.
Qc6 Rb6 22. Qxd6+ Rxd6 23. a4 c6 24. b4 Rf8 25. b5 axb5 26. axb5 cxb5 27. Ra7+
Ke6 28. Ng5+ Nxg5 29. hxg5 Ne4 30. Rhxh7 Kf5 31. Nf3 Re6 32. Kf1 Nxg5 33. Nxg5
Kxg5 34. Ra5 Rc8 35. Rxb5 Rxc2 36. Rxd5+ Kf6 37. g4 Ree2 38. Rd6+ Kg5 39. Rf7
Re4 40. f3 Re8 41. Rd5+ Kh4 42. Rh7+ Kg3 43. Rg7 Rc1# 0-1

[Event "amartins99"]
[Site "http://www.queenalice.com/game.php?id=1234283"]
[Date "2013.11.22"]
[Round "-"]
[White "amartins99"]
[Black "rapfir"]
[Result "0-1"]
[WhiteElo "1262"]
[BlackElo "1509"]

1. f4 e6 2. e4 d5 3. c3 dxe4 4. Qa4+ Bd7 5. Qxe4 Nf6 6. Qb4 Bxb4 7. cxb4 Nc6 8.
b5 Nd4 9. Nh3 Nc2+ 10. Kf2 Ne4+ 11. Kf3 f5 12. a4 Nxa1 13. Ng5 Nxg5+ 14. Kg3
Ne4+ 15. Kf3 c6 16. bxc6 Bxc6 17. Bc4 Nxd2+ 18. Kf2 Qd4+ 19. Ke1 Nxc4 20. Rf1
Nc2+ 21. Ke2 Nxb2 22. a5 Qd3+ 23. Kf2 Nd1+ 24. Kg1 Qe2 25. h3 Qxg2# 0-1

[Event "Challenge"]
[Site "http://www.queenalice.com/game.php?id=1238527"]
[Date "2013.12.8"]
[Round "-"]
[White "WBSXadrez"]
[Black "rapfir"]
[Result "0-1"]
[WhiteElo "1622"]
[BlackElo "1510"]

1. e3 d5 2. d4 e6 3. c3 Nc6 4. b4 a6 5. f4 f5 6. g3 Nf6 7. Nd2 Ng4 8. h3 Nxe3 9.
Qh5+ g6 10. Qe2 Nc2+ 11. Kd1 Nxa1 12. Bb2 Nc2 13. Kxc2 b5 14. h4 Bh6 15. h5 g5
16. fxg5 Bxg5 17. Ngf3 Bxd2 18. Qxd2 Rg8 19. Qf4 Rg4 20. Qe3 Kd7 21. Ne5+ Nxe5
22. Qxe5 Qf8 23. Rh4 Bb7 24. Bh3 Rxh4 25. gxh4 h6 26. Bc1 Qf7 27. Qe2 Qf6 28.
Bf4 Qxh4 29. Qf3 Kc6 30. Bxh6 Rg8 31. Kb3 Qe1 32. Qe3 Qb1+ 33. Ka3 Bc8 34. Qc1
Qxc1+ 35. Bxc1 Rh8 36. Bg2 Rxh5 37. Kb3 Rh2 38. Bf3 Rf2 39. Bh5 f4 40. Be8+ Bd7
41. Bf7 f3 42. Bg5 Rg2 43. Be7 f2 44. Bxe6 Bxe6 45. a4 f1=Q 46. axb5+ Kxb5 47.
c4+ dxc4+ 0-1

[Event "rapfir"]
[Site "http://www.queenalice.com/game.php?id=1255986"]
[Date "2014.2.13"]
[Round "-"]
[White "rapfir"]
[Black "amartins99"]
[Result "1-0"]
[WhiteElo "1520"]
[BlackElo "1340"]

1. d4 d5 2. Nc3 e6 3. f4 f5 4. Nf3 Nc6 5. e3 b5 6. Nxb5 Ba6 7. a4 Nce7 8. Ne5
Nc8 9. Qd2 Bb7 10. g3 Qe7 11. b3 c6 12. Ba3 Qd8 13. Nc3 Nf6 14. Bxf8 Rxf8 15.
Ne2 Ne4 16. Qb4 Ned6 17. Bg2 a5 18. Qc3 Ne4 19. Bxe4 dxe4 20. Nxc6 Qc7 21. Ne5
Qb6 22. Rb1 Ba6 23. Kf2 Nd6 24. Rhd1 Qd8 25. d5 exd5 26. Qc6+ Ke7 27. Rxd5 Nb7
28. Rxd8 Nxd8 29. Qxa8 Bb7 30. Qxa5 Bc6 31. Qc5+ Ke6 32. Qxf8 Kd5 33. Rd1+ Ke6
34. Qxd8 g6 35. Qd6# 1-0

[Event "rapfir"]
[Site "http://www.queenalice.com/game.php?id=1255987"]
[Date "2014.2.13"]
[Round "-"]
[White "amartins99"]
[Black "rapfir"]
[Result "0-1"]
[WhiteElo "1313"]
[BlackElo "1529"]

1. e4 d5 2. d4 f5 3. c3 Nf6 4. exd5 Nxd5 5. h3 e6 6. Bb5+ c6 7. Be2 Bd6 8. Na3
b5 9. Nf3 c5 10. Nxb5 a6 11. Na3 Nc6 12. Qa4 Bd7 13. Nc4 Nxd4 14. Qd1 Nxf3+ 15.
Kf1 Nh4 16. Bh5+ g6 17. Nxd6+ Ke7 18. Nb7 Qb6 19. Nxc5 Qxc5 20. a4 gxh5 21. Bg5+
Kd6 22. Qe1 Ng6 23. Rc1 Bc6 24. f3 Rae8 25. Bf4+ Ngxf4 26. Rc2 Ne3+ 27. Qxe3
Qxe3 28. g3 Qxf3+ 29. Ke1 Qxh1+ 30. Kd2 Ng2 31. Kd3 Qd1+ 32. Kc4 Ne3+ 33. Kb3
Qxc2+ 34. Ka2 Rb8 35. Ka3 Qxb2# 0-1

[Event "rapfir"]
[Site "http://www.queenalice.com/game.php?id=1272105"]
[Date "2014.4.11"]
[Round "-"]
[White "rapfir"]
[Black "dejami"]
[Result "0-1"]
[WhiteElo "1506"]
[BlackElo "1751"]

1. d4 d5 2. e3 Nh6 3. f4 c6 4. Bd3 Bg4 5. Nf3 b5 6. b4 f6 7. h3 Bxf3 8. Qxf3 f5
9. g4 e6 10. g5 Nf7 11. Nd2 Na6 12. c3 g6 13. h4 h5 14. a4 Nc7 15. a5 a6 16. Nb3
Qd7 17. Ba3 Bd6 18. Nc5 Bxc5 19. bxc5 Nd8 20. Kd2 O-O 21. Raf1 Nb7 22. Bb4 Nd8
23. Re1 Re8 24. Bb1 Nb7 25. Re2 Nd8 26. Bd3 Nf7 27. Rhe1 Re7 28. Qg2 Ne8 29. Bc2
Qc7 30. Bxf5 exf5 31. Qg3 Re4 0-1

[Event "Challenge"]
[Site "http://www.queenalice.com/game.php?id=1272898"]
[Date "2014.4.13"]
[Round "-"]
[White "WBSXadrez"]
[Black "rapfir"]
[Result "1-0"]
[WhiteElo "1615"]
[BlackElo "1525"]

1. e3 d5 2. d4 e6 3. c4 c6 4. c5 b6 5. Nf3 bxc5 6. dxc5 Bxc5 7. b3 f5 8. a3 a5
9. a4 Bd6 10. Bb2 Nf6 11. Bd3 h6 12. Bd4 c5 13. Bc3 Nbd7 14. Nbd2 Bb7 15. Nh4
Ne5 16. Bb5+ Ke7 17. f4 g5 18. fxe5 gxh4 19. exf6+ Kf8 20. Qh5 Rh7 21. Qe8+ Qxe8
22. Bxe8 Rxe8 23. Bxa5 Rf7 24. Bc3 e5 25. Rf1 Rxf6 26. O-O-O Ke7 27. g3 1-0

[Event "Challenge"]
[Site "http://www.queenalice.com/game.php?id=1274205"]
[Date "2014.4.19"]
[Round "-"]
[White "dejami"]
[Black "rapfir"]
[Result "1-0"]
[WhiteElo "1757"]
[BlackElo "1500"]

1. e4 d5 2. e5 e6 3. d4 b6 4. c3 f6 5. Nf3 Ne7 6. Bb5+ c6 7. Ba4 b5 8. Bc2 Nd7
9. b4 g5 10. g4 Bg7 11. h3 fxe5 12. Nxg5 Bf6 13. Nxe6 Qb6 14. g5 Nf8 15. Nxf8
Rxf8 16. Qh5+ Kd8 17. gxf6 Rxf6 18. Bg5 Kc7 19. Bxf6 Bd7 20. Qxe5+ Kc8 21. Bxe7
Kb7 22. Rg1 1-0

[Event "Challenge"]
[Site "http://www.queenalice.com/game.php?id=1274206"]
[Date "2014.4.19"]
[Round "-"]
[White "rapfir"]
[Black "dejami"]
[Result "0-1"]
[WhiteElo "1513"]
[BlackElo "1744"]

1. d4 d5 2. e3 c6 3. f4 f5 4. b4 e6 5. c3 b5 6. Nf3 Nf6 7. Bd3 h6 8. h3 Bd6 9.
Nbd2 Nh5 10. h4 Ng3 11. Rh3 Ne4 12. Bxe4 dxe4 13. Nh2 Be7 14. Rg3 Bxh4 15. Qh5+
Kf8 16. Qg6 Bd7 17. Ndf1 Qe7 18. Ke2 Be8 19. Qxg7+ Qxg7 20. Rxg7 Kxg7 21. g3 Be7
22. g4 Bh4 0-1

[Event "rapfir"]
[Site "http://www.queenalice.com/game.php?id=1277803"]
[Date "2014.5.1"]
[Round "-"]
[White "rapfir"]
[Black "Fera65"]
[Result "1-0"]
[WhiteElo "1506"]
[BlackElo "1585"]

1. d4 d5 2. f4 Nf6 3. Nd2 Nc6 4. e3 a6 5. b4 Nxb4 6. c3 Nc6 7. h3 h5 8. Ngf3 e6
9. Bd3 Bd6 10. h4 Ng4 11. Nb3 g6 12. Be2 f6 13. O-O Qe7 14. Qd3 f5 15. Ng5 b5
16. Bxg4 hxg4 17. g3 Bb7 18. Nc5 Bxc5 19. dxc5 a5 20. a3 Ba6 21. Qc2 b4 22. Bb2
Bxf1 23. cxb4 Bb5 24. Bxh8 O-O-O 25. Qb2 a4 26. Bf6 Qd7 27. Bxd8 Qxd8 28. Nxe6
Qe7 29. Qh8+ Kb7 30. Qg8 Qf6 31. Rd1 Bc4 32. Nd4 Qe7 33. Qe6 Qxe6 34. Nxe6 d4
35. Nf8 dxe3 36. Rc1 Bb5 37. Nxg6 e2 38. h5 Nd4 39. Kf2 Be8 40. Ke3 Nc2+ 41.
Kxe2 Nxa3 42. Ke3 Ka6 43. Kd4 Nb5+ 44. Ke5 a3 45. Kxf5 1-0

[Event "rapfir"]
[Site "http://www.queenalice.com/game.php?id=1284845"]
[Date "2014.5.29"]
[Round "-"]
[White "rapfir"]
[Black "amartins99"]
[Result "1-0"]
[WhiteElo "1498"]
[BlackElo "1287"]

1. d4 d5 2. e3 b6 3. b4 Nc6 4. Qf3 Nxb4 5. Bd3 g6 6. a3 Nc6 7. c4 Na5 8. cxd5
Nb3 9. d6 Rb8 10. Ra2 Nxc1 11. Qc6+ Bd7 12. Qxc1 cxd6 13. Rc2 b5 14. Nc3 b4 15.
axb4 Rxb4 16. Rb2 Ra4 17. Nxa4 Bxa4 18. Ke2 e5 19. Qc4 Bd7 20. Rb7 Bg4+ 21. f3
d5 22. Qb5+ Bd7 23. Qxd5 Ke7 24. Qxe5# 1-0

[Event "rapfir"]
[Site "http://www.queenalice.com/game.php?id=1284846"]
[Date "2014.5.29"]
[Round "-"]
[White "amartins99"]
[Black "rapfir"]
[Result "0-1"]
[WhiteElo "1273"]
[BlackElo "1525"]

1. d4 d5 2. e3 Nc6 3. Nf3 e6 4. h4 f6 5. g4 e5 6. c3 e4 7. g5 h6 8. gxh6 exf3 9.
Qxf3 gxh6 10. e4 Be6 11. Qe3 Qe7 12. b3 O-O-O 13. c4 dxc4 14. bxc4 Nb4 15. a3
Nc2+ 16. Ke2 Nxe3 17. fxe3 Bxc4+ 18. Kd1 Bxf1 19. Rxf1 Qxe4 20. Re1 b5 21. Nd2
Qd3 22. Rg1 Qxe3 23. Rg4 Rxd4 24. Rg2 Ne7 25. Rb1 c6 26. Kc2 Nd5 27. Kb2 Qxa3+
28. Kc2 Qa2+ 29. Kd1 Qxb1 30. Ke2 Qc2 31. Kf3 Qxc1 32. Nb3 Qe3# 0-1

[Event "Challenge"]
[Site "http://www.queenalice.com/game.php?id=1303703"]
[Date "2014.8.23"]
[Round "-"]
[White "Rogerio11"]
[Black "rapfir"]
[Result "1-0"]
[WhiteElo "1279"]
[BlackElo "1531"]

1. e4 e5 2. Bc4 Nf6 3. d3 d6 4. b4 a6 5. Nf3 b5 6. Bb3 h6 7. c4 c6 8. cxb5 axb5
9. Nc3 g5 10. a4 Qb6 11. O-O Bg4 12. Be3 Qb7 13. d4 Bxf3 14. Qxf3 Be7 15. dxe5
dxe5 16. Qh3 Bxb4 17. Qf5 Qd7 18. Qxf6 Rh7 19. Qxe5+ Qe7 20. Qd4 c5 21. Qd2 Nd7
22. axb5 Rd8 23. Nd5 Bxd2 24. Nc7+ Kf8 25. Bxd2 1-0